Prahran Windsor Primary School : School Policy.

Na minha lista:
Detalhes bibliográficos
Autor Corporativo: Prahran Windsor Primary School (Prahran, Vic.)
Formato: Livro
Idioma:English
Publicado em: [Windsor, Vic. : Prahran Windsor Primary School, 1991]
Assuntos:
LEADER 01138cam a2200301 a 4500
001 c000406429
003 CARM
005 20200902111724.0
008 200902s1991 vra 000 0 eng d
019 1 |a 11620431  |5 LACONCORD2021 
035 |a (OCoLC)221665153  |5 LACONCORD2021 
040 |a VDU  |b eng  |c VDU  |d VDU  |d VCAV 
042 |a anuc 
043 |a u-at-vi 
082 0 4 |a 372.99451  |2 20 
245 0 0 |a Prahran Windsor Primary School :  |b School Policy. 
260 |a [Windsor, Vic. :  |b Prahran Windsor Primary School,  |c 1991] 
300 |a 1 v. 
500 |a Cover title. 
610 2 0 |a Prahran Primary School (Prahran, Vic.) 
650 0 |a Primary schools  |z Victoria  |z Prahran 
710 2 |a Prahran Windsor Primary School (Prahran, Vic.) 
852 8 |b CARM  |i F11051  |p 0544683  |f BK 
852 8 |b SCAN  |h A3:AK19C0  |i F11051  |p 0544683  |f BK 
852 8 |b SCAN  |h A3:AK19C0  |i F11051  |p 0544683  |f BK 
999 f f |i 7882c01d-3663-5bae-8487-0c8f521e99bc  |s e4deb6ec-f3dd-5164-a101-4870348512ce 
952 f f |p Can circulate  |a CAVAL  |b CAVAL  |c CAVAL  |d CARM 1 Store  |e F11051  |h Other scheme  |i book  |m 0544683 
952 f f |a CAVAL  |b CAVAL  |c CAVAL  |d Unmapped Location  |e F11051  |f A3:AK19C0  |h Other scheme